| 000 | 00000nam##2200000za#4500 |
| 001 | 9.600747 |
| 003 | CaOODSP |
| 005 | 20210624205732 |
| 007 | cr ||||||||||| |
| 008 | 150406|1989||||xxc|||||o f|0| 0 fre|d |
| 040 | |aCaOODSP|bfre |
| 043 | |an-cn--- |
| 086 | 1 |aNH18-1-2/90-1989F-PDF |
| 110 | 2 |aSociété canadienne d'hypothèques et de logement. |
| 245 | 10|aQualité acoustique, isolation et intimité des immeubles d'habitation en copropriétés : |h[ressource électronique]|brapport final / |cpréparé par Christian Martel. |
| 260 | |aOttawa - Ontario : |bSociété canadienne d'hypothèques et de logement |cJanvier 1989. |
| 300 | |a420p.|bfigures, graphiques, références, tableaux |
| 490 | 1 |aRapport de recherche |
| 590 | |a11-25-Supp|b2011-10-31 |
| 720 | 1 |aMartel, Christian |
| 830 | #0|aResearch report (Société canadienne d'hypothèques et de logement : En ligne)|w(CaOODSP)9.502470 |
| 856 | 40|ahttp://publications.gc.ca|qPDF|s3.61 Mo|uhttps://publications.gc.ca/collections/collection_2011/schl-cmhc/nh18-1-2/NH18-1-2-90-1989-fra.pdf |